| 000 | 00549nam a2200181Ia 4500 | ||
|---|---|---|---|
| 008 | 100921s9999 xx 000 0 und d | ||
| 082 |
_b19516 _a891.463 थ 85 |
||
| 100 | _aमंगेशकर गीता. | ||
| 245 | _aन्याय. | ||
| 260 |
_bप्रिया प्रकाशन, मुंबई. _c1985 |
||
| 300 |
_a198 _b--- |
||
| 365 | _b50 | ||
| 520 | _aललित-कादंबरी. | ||
| 630 | _aन्याय. | ||
| 650 | _aललित-कादंबरी. | ||
| 730 | _aन्याय. | ||
| 942 | _cBOOK | ||
| 999 |
_c768629 _d768626 |
||